000 00246nam a2200109Ia 4500
008 200302s9999 xx 000 0 und d
100 _aAuthor
245 _aDesigning for modern India
260 _bMapin Publishing
260 _c2017
300 _a473
999 _c6308
_d6308